Normal view
MARC view
Entry Personal Name
001 - CONTROL NUMBER
- control field: 14135
003 - CONTROL NUMBER IDENTIFIER
- control field: ARRUPE
005 - DATE AND TIME OF LATEST TRANSACTION
- control field: 20150116123659.0
008 - FIXED-LENGTH DATA ELEMENTS
- fixed length control field: 150116|| aca||aabn | a|a d
040 ## - CATALOGING SOURCE
- Original cataloging agency: ARRUPE
- Transcribing agency: ARRUPE
100 ## - HEADING--PERSONAL NAME
- Personal name: Weinberg, Steven,
- Dates associated with a name: 1933-
670 ## - SOURCE DATA FOUND
- Source citation: Work cat.: (ARRUPE)0: Weinberg, Steven, 1933-, The quantum theory of fields /, 1995-2000.